Cô gái mù chữ phá bom nguyên tử
Shranjeno v:
| Glavni avtor: | |
|---|---|
| Format: | Knjiga |
| Jezik: | Undetermined |
| Izdano: |
Thành phố Hồ Chí Minh
Trẻ
2016
|
| Teme: | |
| Oznake: |
Označite
Brez oznak, prvi označite!
|
| Thư viện lưu trữ: | Trung tâm Học liệu Trường Đại học Cần Thơ |
|---|
| LEADER | 00633nam a2200205Ia 4500 | ||
|---|---|---|---|
| 001 | CTU_207051 | ||
| 008 | 210402s9999 xx 000 0 und d | ||
| 020 | |c 145000 | ||
| 082 | |a 839.7 | ||
| 082 | |b J76 | ||
| 100 | |a Jonas, Jonasson | ||
| 245 | 0 | |a Cô gái mù chữ phá bom nguyên tử | |
| 245 | 0 | |c Jonas Jonasson ; Phạm Hải Anh dịch | |
| 260 | |a Thành phố Hồ Chí Minh | ||
| 260 | |b Trẻ | ||
| 260 | |c 2016 | ||
| 650 | |a Văn học Thụy Điển,Swedish literature | ||
| 650 | |y Thế kỷ 20,20th century | ||
| 904 | |i Tuyến | ||
| 980 | |a Trung tâm Học liệu Trường Đại học Cần Thơ | ||